01015nam a2200289Ia 4500003001000000005001700010007000300027008004100030020001500071040003500086084001100121100003000132245011400162250003800276264002700314300004200341336002700383337003300410338002800443490001900471534001900490650005600509650005600565650003900621700003000660700003500690CO-BoRNBP20230601170123.0ta160601s2005 ck a g 000 0 spa  a9580485984 aCO-BoRNBPbspaerdacCO-BoRNBP aC SHA31 aSharmat, Marjorie Weinman10aYo, el gran Fercho cMarjorie Weinmam Sharmat ; traducción María Paz Amaya ; ilustraciones de Marc Simont a1a. edición b5a.reimpresión  aBogotá bNormac2005 a58 páginas bilustraciones c19 cm  atextobtxt2rdacontent asin mediaciónbn2rdamedia avolumenbnc2rdacarrier aTorre de papel tNate the great142LEMBaCuentos infantiles estadounidenses ySiglo XX142LEMBaLiteratura infantil estadounidense ySiglo XX142LEMBaDetectives en la literatura 1 aSimont, Marceilustrador 1 aAmaya, María Pazetraductor